00735nam a22002057a 4500999001900000005001700019010001500036020002600051035001400077037001300091082001000104100002400114245007800138260004200216270008200258300002400340700002100364942002400385952012000409 c190602d19060220220729120933.0 aENG-134094 a9788170007463c900.00 aEN-117626 bDBAB/PUB a025.4 aShukla, Akhandanand aWebometric Studies and Libraries/cAkhandanand Shukla and Aditya Tripathi aNew DelhibEss Ess Publicationsc2015 a4831/24, Ansari Road, Darya GanjbNew Delhie110002minfo@essessreference.com aix, 222p.c22cm(hb) aTripathi, Aditya 2ddccENh025.4mTRI 001040708NFICaBNbBNd2022-07-29eDBAD/PUBg900.00l0o025.4 TRIpEN-117626r2022-07-29 00:00:00t1v900.00yEN